000
00258nam a2200109Ia 4500
008
231212s1980 xx 000 0 und d
041
_a
eng
082
_a
621.384
100
_a
Novakovsky S.V.
245
_a
Colour Television
260
_a
Mascow
_b
Mir Pub
_c
1980
999
_c
958508
_d
958508